<?xml version="1.0" encoding="UTF-8"?>
<collection xmlns="http://www.loc.gov/MARC21/slim">
 <record>
  <leader>01887nam a22002535a 4500</leader>
  <controlfield tag="001">EUN.eunm009584</controlfield>
  <controlfield tag="008">250902s2024####sp#####g######000#f#spa#d</controlfield>
  <controlfield tag="005">20251113130813.0</controlfield>
  <datafield tag="245" ind1="1" ind2="0">
   <subfield code="a">Fortuna /</subfield>
   <subfield code="c">Hernán Díaz ; traducción de Javier Calvo.</subfield>
  </datafield>
  <datafield tag="260" ind1=" " ind2=" ">
   <subfield code="a">Barcelona :</subfield>
   <subfield code="b">Anagrama,</subfield>
   <subfield code="c">2024.</subfield>
  </datafield>
  <datafield tag="300" ind1=" " ind2=" ">
   <subfield code="a">434, [1] p. ;</subfield>
   <subfield code="c">22 cm.</subfield>
  </datafield>
  <datafield tag="490" ind1="1" ind2=" ">
   <subfield code="a">Panorama de narrativas ;</subfield>
   <subfield code="v">1098</subfield>
  </datafield>
  <datafield tag="500" ind1=" " ind2=" ">
   <subfield code="a">Título original: Trust.-Nueva York : Riverhead Books, 2022.</subfield>
  </datafield>
  <datafield tag="520" ind1="1" ind2=" ">
   <subfield code="a">&quot;En los triunfales alos veinte, Benjamin Rask y su esposa Helen dominan Nueva York: él, un magnate financiero que ha amasado una fortuna; ella, la hija de unos excéntricos aristócratas. Pero a medida que la década se acerca a su fin, y sus excesos revelan un lado oscuro, a los Rask empiezan a rodearlos las sospechas... Este es el punto de partida de Obligaciones, una exitosa novela de 1937 que todo Nueva York parece haber leído y que cuenta una historia que puede, sin embargo, contarse de algunas otras formas. Hernán Díaz compone en Fortuna un magistral puzle literario: una suma de voces, de versiones confrontadas que se complementan, se matizan y se contradicen, y, al hacerlo, ponen al lector ante las fronteras y los límites entre la realidad y la ficción, entre la verdad -acaso imposible de encontrar- y su versión manipulada. Fortuna explora los entresijos del capitalismo americano, el poder del dinero, las pasiones y las traiciones que mueven las relaciones personales y la ambición que todo lo malea.&quot;--Tapa posterior.</subfield>
  </datafield>
  <datafield tag="020" ind1=" " ind2=" ">
   <subfield code="a">9788433901927</subfield>
  </datafield>
  <datafield tag="100" ind1="1" ind2=" ">
   <subfield code="a">Díaz, Hernán,</subfield>
   <subfield code="d">1973-,</subfield>
   <subfield code="e">autor.</subfield>
   <subfield code="4">aut</subfield>
  </datafield>
  <datafield tag="700" ind1="1" ind2=" ">
   <subfield code="a">Calvo, Javier,</subfield>
   <subfield code="e">traductor.</subfield>
   <subfield code="4">trl</subfield>
  </datafield>
  <datafield tag="830" ind1=" " ind2="0">
   <subfield code="a">Panorama de narrativas ;</subfield>
   <subfield code="v">1098</subfield>
  </datafield>
  <datafield tag="082" ind1="0" ind2="4">
   <subfield code="a">A863.5</subfield>
   <subfield code="2">21</subfield>
  </datafield>
  <datafield tag="650" ind1=" " ind2="7">
   <subfield code="a">Literatura argentina</subfield>
   <subfield code="2">unbist</subfield>
  </datafield>
  <datafield tag="650" ind1=" " ind2="7">
   <subfield code="a">Siglo xxi</subfield>
   <subfield code="2">unbist</subfield>
  </datafield>
  <datafield tag="655" ind1=" " ind2="4">
   <subfield code="a">Novela</subfield>
  </datafield>
  <datafield tag="041" ind1="1" ind2=" ">
   <subfield code="a">spa</subfield>
   <subfield code="h">eng</subfield>
  </datafield>
  <datafield tag="859" ind1=" " ind2=" ">
   <subfield code="a">AR-BaUNS</subfield>
   <subfield code="b">BIB. CENTRAL - Sector A</subfield>
   <subfield code="h">A863.5</subfield>
   <subfield code="i">D543</subfield>
   <subfield code="p">129031/025</subfield>
  </datafield>
 </record>
</collection>
